[Event "Festival Magistrale"]
[Site "Ragusa ITA"]
[Date "1989.12.??"]
[Round "?"]
[White "Tradardi, Mario"]
[Black "Sericano, Claudio"]
[WhiteElo "2020"]
[BlackElo "2185"]
[Result "1/2-1/2"]
[PlyCount "32"]
[EventDate "1989.12.23"]

1. e4 d6 2. d4 Nf6 3. Nc3 e5 4. dxe5 dxe5 5. Qxd8+ Kxd8 6. Nf3 Bd6 7. Bg5 Be6
8. O-O-O Ke7 9. Nd5+ Bxd5 10. exd5 Nbd7 11. Bb5 a6 12. Bxd7 Kxd7 13. Bxf6 gxf6
14. Nh4 Rhg8 15. Rd3 Rg4 16. Rh3 Bc5 1/2-1/2

[Event "Festival Magistrale"]
[Site "Ragusa ITA"]
[Date "1989.12.??"]
[Round "?"]
[White "Tradardi, Mario"]
[Black "Vaccani, Alberto"]
[WhiteElo "2020"]
[BlackElo "2100"]
[Result "1/2-1/2"]
[PlyCount "21"]
[EventDate "1989.12.23"]

1. c4 e5 2. Nc3 Nc6 3. g3 g6 4. Bg2 Bg7 5. e3 d6 6. d3 Nge7 7. Rb1 O-O 8. Nge2
Be6 9. O-O Qd7 10. b4 a6 11. a4 1/2-1/2

[Event "Festival Magistrale"]
[Site "Ragusa ITA"]
[Date "1989.12.??"]
[Round "?"]
[White "Vaccani, Alberto"]
[Black "Cappadona, Salvatore"]
[WhiteElo "2100"]
[BlackElo "2055"]
[Result "1-0"]
[PlyCount "51"]
[EventDate "1989.12.23"]

1. e4 c5 2. Nf3 e6 3. c3 Nf6 4. e5 Nd5 5. d4 cxd4 6. cxd4 Nc6 7. Nc3 Nxc3 8.
bxc3 d5 9. Bd3 Bd7 10. Ng5 Be7 11. Qg4 g6 12. h4 Qa5 13. Bd2 Qa4 14. Qf4 O-O-O
15. h5 Bxg5 16. Qxg5 Qa3 17. Ke2 Qe7 18. hxg6 hxg6 19. Qxe7 Nxe7 20. Bg5 Rxh1
21. Rxh1 Nc6 22. Bxd8 Kxd8 23. Rh7 Ke8 24. Ke3 Kf8 25. Bxg6 Kg8 26. Rxf7 1-0

[Event "Festival Magistrale"]
[Site "Ragusa ITA"]
[Date "1989.12.??"]
[Round "?"]
[White "Vaccani, Alberto"]
[Black "Kovacevic, Slobodan"]
[WhiteElo "2100"]
[BlackElo "2375"]
[Result "0-1"]
[PlyCount "89"]
[EventDate "1989.12.23"]

1. e4 c5 2. Nf3 e6 3. c3 d5 4. exd5 exd5 5. d4 Nc6 6. Bb5 Bd6 7. Be3 c4 8. b3
cxb3 9. axb3 Nge7 10. O-O O-O 11. Bg5 Qc7 12. Bd3 h6 13. Bc1 a6 14. h3 Ng6 15.
Na3 Be6 16. Nc2 Nce7 17. Bb2 Nf4 18. Ne3 Rfe8 19. Re1 Nxd3 20. Qxd3 Ng6 21. c4
Nf4 22. Qf1 Qd8 23. Ng4 Rc8 24. c5 Bb8 25. Nge5 f6 26. Nd3 Ng6 27. Nb4 Qc7 28.
g3 Qd7 29. Kh2 h5 30. c6 Qc7 31. cxb7 Qxb7 32. Nxa6 Qxb3 33. Nxb8 Qxf3 34. Re3
Qf5 35. Na6 Rc2 36. Re2 Rxe2 37. Qxe2 Qxh3+ 38. Kg1 Bf7 39. Qf1 Qg4 40. Re1 Ra8
41. Nb4 Rb8 42. Bc3 Nh4 43. Re7 Rc8 44. Qd3 Bg6 45. Qe3 0-1

[Event "Festival Magistrale"]
[Site "Ragusa ITA"]
[Date "1989.12.??"]
[Round "?"]
[White "Vaccani, Alberto"]
[Black "Mrdja, Milan"]
[WhiteElo "2100"]
[BlackElo "2440"]
[Result "1-0"]
[PlyCount "41"]
[EventDate "1989.12.23"]

1. e4 c5 2. Nf3 d6 3. d4 cxd4 4. Nxd4 Nf6 5. Nc3 a6 6. Bc4 e6 7. Bb3 Nbd7 8.
Bg5 Nc5 9. f4 Be7 10. Qf3 h6 11. Bh4 Qa5 12. O-O Bd7 13. Rae1 O-O 14. e5 Qb4
15. Rd1 dxe5 16. fxe5 Nxb3 17. cxb3 Bc5 18. exf6 Bxd4+ 19. Kh1 Be5 20. fxg7
Bxg7 21. Bf6 1-0

[Event "Festival Magistrale"]
[Site "Ragusa ITA"]
[Date "1989.12.??"]
[Round "?"]
[White "Vaccani, Alberto"]
[Black "Sulava, Nenad"]
[WhiteElo "2100"]
[BlackElo "2380"]
[Result "0-1"]
[PlyCount "64"]
[EventDate "1989.12.23"]

1. e4 c5 2. Nf3 e6 3. d4 cxd4 4. Nxd4 a6 5. Nc3 Qc7 6. Be2 b5 7. f4 Bb7 8. Bf3
Nc6 9. Be3 Nge7 10. Nb3 Ng6 11. g3 Be7 12. O-O O-O 13. Qd2 Rfd8 14. Qf2 Rdc8
15. Bb6 Qb8 16. Nc5 Bxc5 17. Bxc5 d6 18. Bb6 Nce7 19. a3 Rc4 20. Rfd1 f5 21.
Rd4 Rxd4 22. Bxd4 Qc7 23. Re1 Rf8 24. exf5 Nxf5 25. Bxb7 Qxb7 26. Rxe6 b4 27.
axb4 Qxb4 28. Be3 Qxb2 29. Nd5 Qb1+ 30. Kg2 a5 31. Qd2 Rc8 32. c3 Nxe3+ 0-1